Music Quiz

Random Music or Word Play Quiz
Score 0/100 Timer 20:00
0 Plays Today
Time Song title % Correct
0:54Hallelujah
76.7%
4:00Firework
73.9%
0:00Sweet Caroline
72.1%
2:48Telephone
66.6%
3:48Boom Boom Pow
66.4%
1:12Airplanes
65.9%
0:48Angel
64.6%
9:12Come Together
63.5%
2:54Call Me
62.9%
5:54A Thousand Miles
62.1%
1:42Highway to Hell
61.5%
9:00Footloose
61.1%
0:36Zombie
60.4%
5:30Genie in a Bottle
60.1%
3:36Ain't No Mountain High Enough
58.7%
3:54Dynamite
57.9%
8:12Your Song
56.8%
3:00Hello
55.1%
6:48Light My Fire
54.7%
7:42The Sound of Silence
54.3%
1:00Spirit in the Sky
53.6%
2:12Bulletproof
53.2%
4:06Holiday
52.4%
5:06Diamonds
51.9%
2:18Titanium
51%
1:18Cars
50.6%
1:48Stairway to Heaven
50.5%
3:06My Name Is
50.1%
2:06Stronger (What Doesn't Kill You)
49.2%
4:18Celebration
48.9%
9:54Skyfall
47.5%
4:30Ballroom Blitz
46.5%
1:06Fly Like an Eagle
44%
3:24Venus
42.5%
Time Song title % Correct
9:30Love Story
42%
7:00Scar Tissue
40.9%
2:24Lithium
40.6%
0:06Pour Some Sugar On Me
40.3%
3:18Oh, Pretty Woman
40.2%
2:00Brick House
40%
4:12Good Time
39.6%
7:48I Heard It Through the Grapevine
39.4%
6:12Werewolves of London
36.8%
4:24Gonna Make You Sweat (Everybody Dance Now)
36.7%
1:24Drive
35.4%
8:36All Right Now
35.4%
9:42Landslide
35.1%
8:30F**kin' Perfect
35%
5:36Magic Carpet Ride
34.6%
6:30Bad Medicine
32.4%
0:24Ain't No Rest For the Wicked
32.3%
4:36Crazy
31.4%
7:54Listen to the Music
29.9%
8:24Satisfaction
29.4%
5:12Shine
28.8%
9:06Run to You
28.7%
9:48Gimme Shelter
28.1%
5:42Fly Me to the Moon
27.7%
4:48Psycho Killer
26.8%
8:54I'm So Excited
26.6%
5:48The Distance
26.3%
1:54Skyscraper
26.1%
2:36Technologic
25.4%
4:54I Fought the Law
24.3%
6:06Moonlight Sonata
23.2%
3:42Eruption
22.5%
6:18Hot Blooded
22.1%
8:42Today
21.6%
Time Song title % Correct
9:242 Become 1
21.4%
6:54Burn
21%
5:00Been Caught Stealing
20.9%
3:12Jessica
20.8%
6:36I Want a New Drug
20.7%
8:00The Spirit of Radio
20.4%
0:30Frankenstein
19.8%
1:30Crossroads
18.2%
9:18To Be With You
18.1%
9:36Crush
18%
5:18Shooting Star
17.4%
8:06Sing
17.4%
8:18That's the Way (I Like It)
17%
1:36Roundabout
16.5%
8:48Tonight's the Night (Gonna Be Alright)
16.3%
6:00I Drove All Night
15.7%
3:30Mars
15.3%
4:42Hysteria
15%
7:06Pain
14.4%
2:30Battery
14.3%
7:18Every Teardrop Is a Waterfall
14.3%
7:12Cry
14.2%
0:18Up All Night
13.4%
6:42Smokin'
13.3%
5:24I Wish
12.3%
0:42Back to Life
11.4%
0:12Coffee (Arabian Dance)
10.3%
7:30Thunder
8.2%
6:24I'm So Sick
5.2%
7:36After the Storm
4.9%
7:24Raindrop
2.2%
2:42Invention
1.8%

You're not logged in!

Compare scores with friends on all Sporcle quizzes.
OR
Log In

Sporcle TV

Today on Sporcle TV


Watch our educational content, quiz creation guides, and fun videos on Sporcle TV.

Show Comments

Extras

Top Quizzes Today


Score Distribution

Paid Content

Your Account Isn't Verified!

In order to create a playlist on Sporcle, you need to verify the email address you used during registration. Go to your Sporcle Settings to finish the process.

Report this User

Report this user for behavior that violates our Community Guidelines.

Details: